| 000 | 00372nam a2200097Ia 4500 | ||
|---|---|---|---|
| 008 | 220204s9999 xx 000 0 und d | ||
| 082 |
_aNR:063IR`2000' _bIRR.1 |
||
| 245 | 0 | _aProceedings of the Indonesian rubber conference and IRRDB symposium 2000, held at Bogor, Indonesia, 12-14 September 2000 | |
| 260 |
_aIndonesia _bIndonesian Rubber Research Institute _c2001 |
||
| 942 | _cBK | ||
| 999 |
_c44072 _d44072 |
||